[Event "FRA-chT3 0405"]
[Site "France"]
[Date "2005.04.02"]
[Round "8"]
[White "Leclercq, Benoit"]
[Black "Robert, Loic"]
[Result "1-0"]
[WhiteElo "2015"]
[BlackElo "1930"]
[PlyCount "77"]
[EventDate "2004.10.10"]
[EventType "team-tourn"]
[EventRounds "9"]
[EventCountry "FRA"]
[SourceTitle "EXT 2007"]
[Source "ChessBase"]
[SourceDate "2006.11.23"]
[SourceVersion "1"]
[SourceVersionDate "2006.11.23"]
[SourceQuality "1"]

1. d4 Nf6 2. c4 g6 3. Nc3 Bg7 4. e4 d6 5. f3 Nbd7 6. Be3 e5 7. d5 0-0 8. Bd3 Ne8 9. Qc2 Nc5 10. Nge2 Nxd3+ 11. Qxd3 f5 12. 0-0-0 fxe4 13. fxe4 Nf6 14. h3 Qe7 15. Rdf1 Bd7 16. g4 Rf7 17. Ng3 Raf8 18. Qe2 Ne8 19. Rxf7 Rxf7 20. g5 Qf8 21. h4 Rf3 22. Nf5 Rxf5 23. exf5 Bxf5 24. Rf1 a6 25. Ne4 Qe7 26. Ng3 Bh3 27. Rh1 Qd7 28. Qh2 Bg4 29. h5 Bf3 30. hxg6 hxg6 31. Qh7+ Kf8 32. Rf1 Qg4 33. Qxg6 Qxc4+ 34. Kb1 Qg4 35. Nh5 Ke7 36. Rxf3 Qxf3 37. Nxg7 Qh1+ 38. Bc1 Nxg7 39. Qxg7+ 1-0

[Event "FRA-chT3 0405"]
[Site "France"]
[Date "2004.11.07"]
[Round "3"]
[White "Luco, Alain"]
[Black "Robert, Loic"]
[Result "1-0"]
[WhiteElo "2154"]
[BlackElo "1970"]
[PlyCount "85"]
[EventDate "2004.10.10"]
[EventType "team-tourn"]
[EventRounds "9"]
[EventCountry "FRA"]
[SourceTitle "EXT 2007"]
[Source "ChessBase"]
[SourceDate "2006.11.23"]
[SourceVersion "1"]
[SourceVersionDate "2006.11.23"]
[SourceQuality "1"]

1. e4 d6 2. d4 Nf6 3. Nc3 g6 4. Be3 Bg7 5. f3 c6 6. Qd2 Qa5 7. Bh6 Bxh6 8. Qxh6 Be6 9. Nh3 Bxh3 10. Qxh3 Nbd7 11. Be2 Qb4 12. 0-0-0 a5 13. a3 Qb6 14. f4 d5 15. e5 Ne4 16. Nxe4 dxe4 17. f5 0-0-0 18. fxg6 hxg6 19. Qg4 Kb8 20. Qxe4 f5 21. Qf4 Ka8 22. Bf3 Nf8 23. d5 cxd5 24. Bxd5 Ne6 25. Bxe6 Qxe6 26. Rxd8+ Rxd8 27. Rd1 Rxd1+ 28. Kxd1 Qd5+ 29. Qd2 Qxe5 30. g3 b6 31. c3 Kb7 32. Qd7+ Qc7 33. Qe6 Qd6+ 34. Qxd6 exd6 35. Ke2 Kc6 36. Kf3 Kd5 37. Kf4 Ke6 38. Kg5 Kf7 39. a4 d5 40. h4 Kg7 41. b3 Kf7 42. h5 gxh5 43. Kxf5 1-0

[Event "FRA-chT3 Gr5 0203"]
[Site "France"]
[Date "2002.10.13"]
[Round "1"]
[White "Gicquel, Frederic"]
[Black "Robert, Loic"]
[Result "1-0"]
[WhiteElo "2122"]
[BlackElo "1960"]
[PlyCount "57"]
[EventDate "2002.12.09"]
[EventType "team-tourn"]
[EventRounds "9"]
[EventCountry "FRA"]
[SourceTitle "EXT 2004"]
[Source "ChessBase"]
[SourceDate "2003.11.25"]
[SourceVersion "1"]
[SourceVersionDate "2003.11.25"]
[SourceQuality "1"]

1. c4 e5 2. Nc3 d6 3. Nf3 f5 4. d4 e4 5. Bg5 Be7 6. Bxe7 Nxe7 7. Nd2 Nbc6 8. e3 0-0 9. Be2 Ng6 10. Rb1 a5 11. g3 Qe7 12. a3 Kh8 13. Nd5 Qf7 14. h4 Re8 15. h5 Nf8 16. Nf4 a4 17. Rc1 h6 18. Nd5 Ne6 19. Nc3 Ng5 20. Nxa4 Bd7 21. Nc3 Rf8 22. Nd5 Ne6 23. Ra1 Ne7 24. Nb1 Rae8 25. Nbc3 c6 26. Nf4 Kh7 27. Ng6 Rg8 28. c5 d5 29. Ne5 1-0

[Event "FRA-chT3 01"]
[Site "France"]
[Date "2001.01.14"]
[Round "5"]
[White "Hochart, Jean Luc"]
[Black "Robert, Loic"]
[Result "1-0"]
[WhiteElo "1930"]
[BlackElo "1770"]
[PlyCount "79"]
[EventDate "2001.??.??"]
[EventType "team-tourn"]
[EventRounds "9"]
[EventCountry "FRA"]
[SourceTitle "EXT 2002"]
[Source "ChessBase"]
[SourceDate "2001.11.25"]
[SourceVersion "1"]
[SourceVersionDate "2001.11.25"]
[SourceQuality "1"]
[WhiteTeam "Guingamp"]
[BlackTeam "Yffiniac"]
[WhiteTeamCountry "FRA"]
[BlackTeamCountry "FRA"]

1. e4 d6 2. d4 Nf6 3. Nc3 g6 4. Be3 Bg7 5. Nf3 0-0 6. Qd2 c6 7. h3 b5 8. Bd3 a5 9. Bh6 Nbd7 10. Bxg7 Kxg7 11. 0-0 Nb6 12. Rfe1 Be6 13. e5 dxe5 14. dxe5 Nfd5 15. Ng5 Qc7 16. Nxd5 Nxd5 17. c4 Nb4 18. Nxe6+ fxe6 19. a3 Nxd3 20. Qxd3 Rad8 21. Qc3 Qb6 22. c5 Qc7 23. b4 Rd5 24. Re3 Rf4 25. Rae1 Rc4 26. Qb2 Rdd4 27. Rc3 axb4 28. Rxc4 bxa3 29. Qxd4 bxc4 30. Qxc4 Qa5 31. Ra1 Qd2 32. Qc1 Qd4 33. Rxa3 Qxe5 34. Re3 Qd5 35. Qc3+ Kh6 36. Qe5 Qa2 37. Re2 Qc4 38. Kh2 Qc1 39. Re4 Qg5 40. Qxg5+ 1-0